| 000 | 00490nam a2200169Ia 4500 | ||
|---|---|---|---|
| 008 | 230917s9999||||xx |||||||||||||| ||und|| | ||
| 020 | _cRS 1450.00 | ||
| 040 |
_e5001531 _aMAIN |
||
| 041 | _aEnglish | ||
| 082 | _a780.954 S23B | ||
| 100 | _aSharma, Sangeeta | ||
| 245 | 0 | _abharatiya sangit ke vikas hetu prashasan tantra ki bhumika | |
| 260 |
_aNew Delhi _bSanjay Prakashan _c2021 |
||
| 300 | _axiv, 464 p. | ||
| 500 | _a4180 14/12/2021 SANJAY22/8328 17/12/2021 Main Budget | ||
| 942 | _cBK | ||
| 999 |
_c3539 _d3539 |
||